Регионална библиотека "Любен Каравелов" - Русе

Инвестиционен анализ на публичните проекти (Запис номер 79291)

MARC детайли
000 -Лидер
Контролно поле с фиксирана дължина 01274nam a2200325 c 4500
003 - Код на организацията, давaща контролен номер
Контролно поле BLK
005 - Дата и час на последна редакция
Контролно поле 20250329093203.0
008 - Елементи от данни с фиксирана дължина
fixed length control field 180408b bul|||||r ||||||| ||bul||
010 ## - Наследен системен номер
LC control number KNG00083764000
020 ## - Международен стандартен номер на книга ISBN
Международен стандартен номер на книга ISBN 954-427-447-2
-- издат.: Абагар
040 ## - Източник на каталожния запис
Идентификатор на билиотеката - собственик на записа BLK
041 ## - Код за език
Код за езика на текст/звукозапис или на отделно заглавие Български
Код за езика КДБФ Български
080 ## - УДК
Текстов определител УДК Капиталовложения. Образуване на капитала. Инвестиции
УДК код - определител по УДК 330.322
УДК определител
УДК - код + определител 330.322
100 1# - Редна дума - Автор
Автор Проданов, Стоян Станимиров
Авторска отговорност първи автор
R(LIN) 365702
139 ## - Редно поле
Редна дума Проданов, Стоян Станимиров
Авторски знак Прод - П 91
245 10 - Сведения за заглавието
Заглавие Инвестиционен анализ на публичните проекти
Редно поле (дума) Стоян Станимиров Проданов.
257 ## - Страна на издаване
Страна на създаване/издаване България
260 ## - Област на издателските данни
-- В. Търново
Име на издателя, разпространителя и проч. Абагар
Година на издаване 2001
300 ## - Физическа характеристика
Страници 213 с.
Илюстрации и др. с табл., диагр., сх.
Размери/Мащаб 24 см
380 ## - Жанр
Жанр Обществени науки
500 ## - Общи забележки
Забележка Библиогр. с. 205-210.
650 #4 - Допълнително описание по предмет – тема
Основно описание – тема или топоним Инвестиции
9 (RLIN) 157148
653 ## - Ключова дума – ненормативна
Ключова дума инвестиции
852 ## - Местоположение
Форматна сигнатура Цб 239952
856 4# - Електронен адрес и достъп
Електронен формат pdf - файл
Път до файла /url/
856 4# - Електронен адрес и достъп
Електронен формат pdf - файл
Път до файла /url/
942 ## - АРТИКУЛИ
Вид на библиотечния материал Книги
Скрит в OPAC Не
Koha issues (borrowed), all copies 1
944 ## - СЪЗДАВАНЕ И РЕДАКЦИЯ на ЗАПИСА
Създаване/Редакция Създаване
Дата на регистрацията/редакция 15.05.2008
Статус, дата на статуса Мартин Енчев
Служител, извършил регистрацията/редакцията 30575
944 ## - СЪЗДАВАНЕ И РЕДАКЦИЯ на ЗАПИСА
Създаване/Редакция Редакция
Дата на регистрацията/редакция 13.12.2016
Статус, дата на статуса ф /
Служител, извършил регистрацията/редакцията Людмила_Стоянова
999 ## - СИСТЕМНИ КОНТРОЛНИ НОМЕРА
Koha biblionumber 79291
Koha biblioitemnumber 79291
Наличности
Код за отписване Код за изгубен артикул Код за повреда Коз за рестрикции Код за отдаване Артикулен № Име на библиотеката - собственик Име на библиотеката, в която се намира в момента Статус (Текущо местоположение) Дата на вписване в системата Местоположение - отдел Цена в лева Инвентарен номер Систематично азбучна сигнатура Баркод Номер на екземпляра Цена в евро Служебна бележка Служебен тип на артикула Източник на класификационната схема
  Не е изгубен Не е повреден без рестрикции ползва се в читалня 128336 Регионална библиотека "Любен Каравелов" Русе Регионална библиотека "Любен Каравелов" Русе Хранилище 2008-05-13 Хранилище 0.00 120000726327 Цб 239952 120000726327 1 0.00 Дост: Dp Вид: Д N: 13 Дата: 27.02.2008 Книги  
Изтеглен Не е изгубен Не е повреден без рестрикции заемане за дома 128337 Регионална библиотека "Любен Каравелов" Русе Регионална библиотека "Любен Каравелов" Русе Заемна - подръчен фонд 2016-08-24 Заемна - подръчен фонд 13.00 120000803202 П 330/П 91 120000803202 2 6.65 Дост: DA Вид: А N: 32 Дата: 24.08.2016 Книги Universal Decimal Classification
  Не е изгубен Не е повреден без рестрикции заемане за дома 727780 Регионална библиотека "Любен Каравелов" Русе Регионална библиотека "Любен Каравелов" Русе Заемна - подръчен фонд 2019-07-03 Заемна - подръчен фонд 13.00   П 330/П 91 120000833160   6.65   Книги Universal Decimal Classification
Vip Innovations Ltd, Rousse, Bulgaria 2025